Real Pictures of Flag Symbols - Statistics

General Stats
  • This quiz has been taken 82 times
  • The average score is 9 of 16
Answer Stats
Picture Answer % Correct
Canada (Maple Leaf)
100%
Cambodia (Angkor Wat)
82%
Barbados (Trident Head)
79%
Mozambique (AK-47)
79%
Lebanon (Lebanese Cedar)
76%
Kenya (Maasai Shield)
75%
Uganda (Grey Crowned Crane)
66%
Lesotho (Mokorotlo)
56%
Dominica (Imperial Amazon/Sisserou Parrot)
49%
Vanuatu (Boar's Tusk)
35%
Oman (Khanjar)
34%
Zimbabwe (Zimbabwe Bird Soapstone Sculpture)
32%
Kazakhstan (Steppe Eagle)
31%
Papua New Guinea (Kumul/Raggiana Bird-of-Paradise)
29%
Guatemala (Quetzal)
26%
Slovenia (Mount Triglav)
26%
No matching quizzes found
Score Distribution
Percent of People with Each Score
Percentile by Number Answered
Your Score History
You have not taken this quiz